| 000 | 00903cab a22002175a 4500 | ||
|---|---|---|---|
| 001 | L147989 | ||
| 008 | 090710e20090703xxko f 000 0 eng d | ||
| 035 | _a(Sirsi) u147989 | ||
| 041 | 0 | _aeng | |
| 100 | 1 | _aEade, Christine | |
| 245 | 0 | 0 |
_aRegional report _bSomerset, Devon and Cornwall |
| 260 | _c2009 | ||
| 490 | 0 |
_aProperty Week _v75(27) 3 July 2009, 67-72(4) |
|
| 520 | _aSummarises commercial property market activity across the three counties and includes news of a Plymouth affordable housing deal in Plymouth and green belt challenges in Somerset. Reports on an ambitious development programme for the area east of Exeter and the completion of St Austell's new shopping centre, White River Place, by the end of 2009. | ||
| 590 | _aKA | ||
| 651 | 4 | _aSomerset | |
| 651 | 4 | _aDevon | |
| 651 | 4 | _aCornwall | |
| 690 | _aPROPERTY-COMMERCIAL PROPERTY-COMMERCIAL PROPERTY MARKET | ||
| 942 | _n0 | ||
| 999 |
_c81693 _d81693 |
||